বাংলাদেশে বাজেট : (Record no. 2472)

MARC details
000 -LEADER
fixed length control field 00953nam a22002177a 4500
003 - CONTROL NUMBER IDENTIFIER
control field BD-DhJNU
005 - DATE AND TIME OF LATEST TRANSACTION
control field 20260105073632.0
008 - FIXED-LENGTH DATA ELEMENTS--GENERAL INFORMATION
fixed length control field 260101b |||||||| |||| 00| 0 eng d
020 ## - INTERNATIONAL STANDARD BOOK NUMBER
International Standard Book Number 9789849540069
040 ## - CATALOGING SOURCE
Original cataloging agency BD-DhJNU
Language of cataloging BEN
Transcribing agency BD-DhJNU
Modifying agency BD-DhJNU
082 ## - DEWEY DECIMAL CLASSIFICATION NUMBER
Edition number 23
Classification number 352.48095492
100 ## - MAIN ENTRY--PERSONAL NAME
Personal name খান, আকবর আলি
242 ## - TRANSLATION OF TITLE BY CATALOGING AGENCY
Title Budget in Bangladesh :
Remainder of title Economy and Politics /
Statement of responsibility, etc. Akbar Ali Khan
245 ## - TITLE STATEMENT
Title বাংলাদেশে বাজেট :
Remainder of title অর্থনীতি ও রাজনীতি /
Statement of responsibility, etc. আকবর আলি খান
260 ## - PUBLICATION, DISTRIBUTION, ETC.
Place of publication, distribution, etc. ঢাকা :
Name of publisher, distributor, etc. প্রথমা,
Date of publication, distribution, etc. 2021.
300 ## - PHYSICAL DESCRIPTION
Extent ২৩৮ পৃ. :
Other physical details চিত্র ;
Dimensions ২২ সেমি.
504 ## - BIBLIOGRAPHY, ETC. NOTE
Bibliography, etc. note গ্রন্থপঞ্জিগত নির্দেশিকা ও নিঘন্ট অন্তভূক্ত
650 ## - SUBJECT ADDED ENTRY--TOPICAL TERM
Topical term or geographic name entry element বাজেট - বাংলাদেশ
650 ## - SUBJECT ADDED ENTRY--TOPICAL TERM
Topical term or geographic name entry element Budget -- Bangladesh
942 ## - ADDED ENTRY ELEMENTS (KOHA)
Source of classification or shelving scheme Dewey Decimal Classification
Koha item type Books
Suppress in OPAC No
Holdings
Withdrawn status Lost status Source of classification or shelving scheme Damaged status Not for loan Collection Home library Current library Shelving location Date acquired Source of acquisition Total checkouts Full call number Barcode Date last seen Copy number Price effective from Koha item type
    Dewey Decimal Classification     Non-fiction Jagannath University Central Library Jagannath University Central Library General stacks 01/01/2026 Purchased   352.48095492 KHB JNUCL36324 01/01/2026 1 01/01/2026 Books
    Dewey Decimal Classification     Non-fiction Jagannath University Central Library Jagannath University Central Library General stacks 01/01/2026 Purchased   352.48095492 KHB JNUCL36325 01/01/2026 2 01/01/2026 Books